Score 0/15 Timer 08:00
1 Play Today
% Correct
Metamorphosis
84.9%
Moby Dick
81%
The Catcher in the Rye
80.2%
Wuthering Heights
79.7%
The Old Man and the Sea
79.6%
Great Expectations
78.6%
To Kill a Mockingbird
77.6%
The Great Gatsby
76.1%
% Correct
Lolita
73.5%
A Clockwork Orange
72.3%
Pride and Prejudice
69.3%
Tess of the D'Urbervilles
68.9%
Dracula
66%
The Stranger
49.5%
Naked Lunch
42.8%
Remove Ads.
Support Sporcle.
Get the best of Sporcle when you Go Orange. This ad-free experience offers more features, more stats, and more fun while also helping to support Sporcle. Thank you for becoming a member.

You're not logged in!

Compare scores with friends on all Sporcle quizzes.
OR
Log In

Show Comments

Extras

Top Quizzes Today


Score Distribution

Your Account Isn't Verified!

In order to create a playlist on Sporcle, you need to verify the email address you used during registration. Go to your Sporcle Settings to finish the process.

Report this User

Report this user for behavior that violates our Community Guidelines.

Details: